Countries in the Himalayas - Statistics

General Stats
  • This quiz has been taken 41 times
  • The average score is 4 of 5
Answer Stats
Answer % Correct
India
94%
Nepal
94%
China
90%
Bhutan
84%
Pakistan
74%
No matching quizzes found
Score Distribution
Percent of People with Each Score
Percentile by Number Answered
Your Score History
You have not taken this quiz